01171cam a22003017a 450000500170000000800410001701000100005801100100006802000150007803500100009308200180010311000860012124501280020726001000033530000410043559000410047659000410051759000410055859000420059965000400064165000430068165000500072465000340077490100070080890500240081591100130083999900170085220220817043902.0030331d2002 mx bd rs 00110 spa d a87078 a88050 a9701340620 a9859504a312.0972bI582 aInstituto Nacional de Estadística, Geografía e Informática. México95930410aPerfil sociodemográfico de los Estados Unidos Mexicanos:bcenso general de población y vivienda (12o.) 2000c/por INEGI aAguascalientes, Ags. :bInstituto Nacional de Estadística, Geografía e Informática,c2002 a220 p. :bgráfs. ; mapas ; cuadros aBATCH-UPDb10c20130110lUCH01h1132 aBATCH-UPDb10c20130410lUCH01h0721 aBATCH-UPDb10c20130914lUCH01h1824 aCONVERSIONb10c20130109lUCH01h134814aMéxicoxCondiciones económicas.14aMéxicoxCondiciones sociales.97673014aPoblaciónxEstadísticaszMéxico.98938514aPoblaciónxMéxico.989408 aBK aMarco A. Mendoza T. aCustodia c87078d87078